| 000 | 00735nam a2200145Ia 4500 | ||
|---|---|---|---|
| 008 | 100204s9999 xx 000 0 und d | ||
| 082 | _b2843 | ||
| 100 | _aसंकलन : अनुभवी तज्ञ | ||
| 245 | _aफावल्या वेळात खूप पैसे मिळवून देणारे 300 मार्ग | ||
| 260 |
_b"रघुवंशी प्रकाशन , मुंबई" _c1980 |
||
| 300 | _a340 | ||
| 630 | _aफावल्या वेळात खूप पैसे मिळवून देणारे 300 मार्ग | ||
| 730 | _aफावल्या वेळात खूप पैसे मिळवून देणारे 300 मार्ग | ||
| 942 | _cBOOK | ||
| 999 |
_c447859 _d447856 |
||